المساندة الاجتماعية كمتغير وسيط في العلاقة بين الأداء الوظيفي الأسري والضغوط النفسية لدى أمهات الأطفال ذوي اضطراب طيف التوحد / (رقم التسجيلة. 179715)

تفاصيل مارك
000 -LEADER
fixed length control field 05243namaa22004211i 4500
003 - CONTROL NUMBER IDENTIFIER
control field OSt
005 - أخر تعامل مع التسجيلة
control field 20260426105434.0
008 - FIXED-LENGTH DATA ELEMENTS--GENERAL INFORMATION
fixed length control field 250827s2025 ua a|||frm||| 000 0 eng d
040 ## - CATALOGING SOURCE
Original cataloguing agency EG-GICUC
Language of cataloging ara
Transcribing agency EG-GICUC
Modifying agency EG-GICUC
Description conventions rda
041 0# - LANGUAGE CODE
Language code of text/sound track or separate title ara
Language code of summary or abstract ara
-- eng
049 ## - Acquisition Source
Acquisition Source إيداع
082 04 - DEWEY DECIMAL CLASSIFICATION NUMBER
Classification number 371.94
092 ## - LOCALLY ASSIGNED DEWEY CALL NUMBER (OCLC)
Classification number 371.94
Edition number 21
097 ## - Degree
Degree مــــاجستير
099 ## - LOCAL FREE-TEXT CALL NUMBER (OCLC)
Local Call Number Cai01.23.07.M.Sc.2025.زي.م
100 0# - MAIN ENTRY--PERSONAL NAME
Authority record control number or standard number ،زينب عبدالعزيز عبدالحميد اسماعيل
Preparation إعداد.
245 10 - TITLE STATEMENT
Title المساندة الاجتماعية كمتغير وسيط في العلاقة بين الأداء الوظيفي الأسري والضغوط النفسية لدى أمهات الأطفال ذوي اضطراب طيف التوحد /
Statement of responsibility, etc. إعداد زينب عبدالعزيز عبدالحميد اسماعيل؛ إشراف أ. د/ أسماء توفيق مبروك، د/ هند رأفت عبد البديع.
246 15 - VARYING FORM OF TITLE
Title proper/short title Social support as a mediating variable in the relationship between family job performance and psychological stress among mothers of children with autism spectrum disorder /
264 #0 - PRODUCTION, PUBLICATION, DISTRIBUTION, MANUFACTURE, AND COPYRIGHT NOTICE
Date of production, publication, distribution, manufacture, or copyright notice 2025.
300 ## - PHYSICAL DESCRIPTION
Extent 187 صفحة :
Other physical details إيضاحيات ؛
Dimensions 25 سم. +
Accompanying material CD.
336 ## - CONTENT TYPE
Content type term text
Source rda content
337 ## - MEDIA TYPE
Media type term Unmediated
Source rdamedia
338 ## - CARRIER TYPE
Carrier type term volume
Source rdacarrier
502 ## - DISSERTATION NOTE
Dissertation note أطروحة (ماجستير)-جامعة القاهرة، 2025.
504 ## - BIBLIOGRAPHY, ETC. NOTE
Bibliography, etc. note ببليوجرافيا: صفحات 145-169.
520 ## - SUMMARY, ETC.
Summary, etc. هدفت الدراسة إلى التعرف علي الدور الوسيط للمساندة الاجتماعية في العلاقة بين كل من الأداء الوظيفي الأسري والضغوط النفسية لدي أمهات الأطفال ذوى اضطراب طيف التوحد، والكشف عن العلاقات المباشرة وغير المباشرة بين المساندة الاجتماعية والأداء الوظيفي الأسري والضغوط النفسية لدي أمهات الأطفال ذوى اضطراب طيف التوحد، وتكونت عينة الدراسة من (50) من أمهات الأطفال ذوي اضطراب طيف التوحد، تراوحت أعمارهم بين ( 28: 49 ) عامًا، واعتمدت الدراسة على المنهج الوصفي الارتباطي السببي المقارن، وقامت الباحثة بإعداد مقياس (المساندة الاجتماعية؛ والأداء الوظيفي الأسري؛ والضغوط النفسية)، وأشارت نتائج الدراسة إلى أن النموذج المقترح الذي يوضح الدور الوسيط للمساندة الاجتماعية في العلاقة بين الأداء الوظيفي الأسري والضغوط النفسية لدى أمهات الأطفال ذوى اضطراب طيف التوحد يتمتع بمؤشرات جودة مطابقة جيدة، ووجود تأثير مباشر للمساندة الاجتماعية في العلاقة بين الأداء الوظيفي الأسري والضغوط النفسية لدى أمهات الأطفال ذوي اضطراب طيف التوحد.
520 ## - SUMMARY, ETC.
Summary, etc. The study aimed to identify the mediating role of social support in the relationship between family functioning and psychological stress among mothers of children with autism spectrum disorder, and to reveal the direct and indirect relationships between social support, family functioning and psychological stress among mothers of children with autism spectrum disorder. The study sample consisted of (50) mothers of children with autism spectrum disorder, whose ages ranged between (28 and 49) years. The study relied on the descriptive, causal, and comparative method, and the researcher prepared a scale (social support, family functional performance, and psychological stress), The results of the study indicated that the proposed model, which explains the mediating role of social support in the relationship between family functional performance and psychological stress among mothers of children with autism spectrum disorder, has good goodness-of-fit indicators, and the presence of a direct effect of social support in the relationship between family functional performance and psychological stress among mothers of children with autism spectrum disorder.
530 ## - ADDITIONAL PHYSICAL FORM AVAILABLE NOTE
Issues CD صدر أيضًا كقرص مدمج.
546 ## - LANGUAGE NOTE
Text Language النص بالعربية والملخص باللغة الإنجليزية والعربية.
650 #7 - SUBJECT ADDED ENTRY--TOPICAL TERM
Topical term or geographic name entry element ‪التوحد عند الأطفال
Source of heading or term qrmak
653 #0 - INDEX TERM--UNCONTROLLED
Uncontrolled term المساندة الاجتماعية
-- الأداء الوظيفي الأسري
-- الضغوط النفسية
700 0# - ADDED ENTRY--PERSONAL NAME
Personal name أسماء توفيق مبروك
Relator term مشرف أطروحة.
700 0# - ADDED ENTRY--PERSONAL NAME
Personal name هند رأفت عبد البديع
Relator term مشرف أطروحة.
900 ## - Thesis Information
Grant date 12-02-2025
Supervisory body أسماء توفيق مبروك
-- هند رأفت عبد البديع
Discussion body زينب محمود شقير
-- أيمن سالم عبدالله
Universities جامعة القاهرة
Faculties كلية الدراسات العليا للتربية
Department قسم التربية الخاصة
905 ## - Cataloger and Reviser Names
Cataloger Name Sara Salah
942 ## - ADDED ENTRY ELEMENTS (KOHA)
Source of classification or shelving scheme Dewey Decimal Classification
Koha item type Thesis
Edition 21
Suppress in OPAC No
المقتنيات
Source of classification or shelving scheme Home library Current library Date acquired Inventory number Full call number Barcode Date last seen Effective from Koha item type
Dewey Decimal Classification المكتبة المركزبة الجديدة - جامعة القاهرة قاعة الرسائل الجامعية - الدور الاول 26.04.2026 33139 Cai01.23.07.M.Sc.2025.زي.م 01010100033139000 26.04.2026 26.04.2026 Thesis
Cairo University Libraries Portal Implemented & Customized by: Eng. M. Mohamady Contacts: new-lib@cl.cu.edu.eg | cnul@cl.cu.edu.eg
CUCL logo CNUL logo
© All rights reserved — Cairo University Libraries
CUCL logo
Implemented & Customized by: Eng. M. Mohamady Contact: new-lib@cl.cu.edu.eg © All rights reserved — New Central Library
CNUL logo
Implemented & Customized by: Eng. M. Mohamady Contact: cnul@cl.cu.edu.eg © All rights reserved — Cairo National University Library